| 000 | 00934cam a2200325Ia 4500 | ||
|---|---|---|---|
| 999 |
_c9491 _d9491 |
||
| 001 | 29864857 | ||
| 003 | OCoLC | ||
| 005 | 20210115124340.0 | ||
| 008 | 940223s1994 gau b 001 0 eng d | ||
| 010 | _a 94029016 | ||
| 020 | _a0915815109 (hb) | ||
| 020 | _a9780915815104 (hb) | ||
| 020 | _a0915815117 (pb) | ||
| 020 | _a9780915815111 (pb) | ||
| 035 | _a(OCoLC)29864857 | ||
| 040 |
_aNVS _beng _cNVS _dOCL _dBAKER _dOCLCQ |
||
| 082 | 0 | 4 | _a236.9 |
| 090 |
_aBT886 _b.D45 1994 |
||
| 092 |
_a236.9 _bD3721 |
||
| 100 | 1 | _aDeMar, Gary. | |
| 245 | 1 | 0 |
_aLast days madness : _bObsession of the modern church / _cGary DeMar. |
| 250 | _aUpdated ed. - preface. | ||
| 260 |
_aAtlanta, GA : _bAmerican Vision, _cc1994. |
||
| 300 |
_ax, 395 p. ; _c23 cm. |
||
| 504 | _aIncludes bibliographical references and indexes. | ||
| 650 | 0 | _aSecond Advent. | |
| 650 | 0 |
_aProphecy _xChristianity. |
|
| 650 | 0 | _aJudgment Day. | |
| 942 |
_2ddc _cBK |
||